<?xml version="1.0" encoding="UTF-8"?>
<record
    xmlns:xsi="http://www.w3.org/2001/XMLSchema-instance"
    xsi:schemaLocation="http://www.loc.gov/MARC21/slim http://www.loc.gov/standards/marcxml/schema/MARC21slim.xsd"
    xmlns="http://www.loc.gov/MARC21/slim">

  <leader>01079 am a22002414a 4500</leader>
  <controlfield tag="008">120212s2011    su     g      000 0 ara d</controlfield>
  <datafield tag="041" ind1=" " ind2=" ">
    <subfield code="a">Ara </subfield>
    <subfield code="h"> Eng</subfield>
  </datafield>
  <datafield tag="082" ind1="0" ind2="4">
    <subfield code="a">158.2 </subfield>
    <subfield code="2"> 21</subfield>
    <subfield code="b">&#x645; &#x64A; &#x62F;</subfield>
  </datafield>
  <datafield tag="100" ind1="1" ind2=" ">
    <subfield code="a">&#x645;&#x64A;&#x62F;&#x627;&#x646;&#x64A;&#x631;&#x60C; &#x62A;&#x627;&#x644;&#x64A;&#x646;.</subfield>
    <subfield code="9">33078</subfield>
  </datafield>
  <datafield tag="240" ind1="1" ind2=" ">
    <subfield code="a">The Secret Laws of Attraction : The Effortless Wys to Get the Relationship you Want </subfield>
    <subfield code="l"> Arabic</subfield>
  </datafield>
  <datafield tag="245" ind1="1" ind2=" ">
    <subfield code="a">&#x623;&#x633;&#x631;&#x627;&#x631; &#x642;&#x648;&#x627;&#x646;&#x64A;&#x646; &#x627;&#x644;&#x62C;&#x627;&#x630;&#x628;&#x64A;&#x629; :</subfield>
    <subfield code="b"> &#x623;&#x64A;&#x633;&#x631; &#x637;&#x631;&#x64A;&#x642;&#x629; &#x644;&#x628;&#x646;&#x627;&#x621; &#x627;&#x644;&#x639;&#x644;&#x627;&#x642;&#x629; &#x627;&#x644;&#x62A;&#x64A; &#x62A;&#x62A;&#x645;&#x646;&#x627;&#x647;&#x627; /</subfield>
    <subfield code="c">&#x62A;&#x627;&#x644;&#x64A;&#x646; &#x645;&#x64A;&#x62F;&#x627;&#x646;&#x64A;&#x631;.</subfield>
  </datafield>
  <datafield tag="246" ind1="3" ind2="4">
    <subfield code="a">&#x627;&#x643;&#x62A;&#x634;&#x641; &#x627;&#x644;&#x627;&#x62D;&#x62A;&#x64A;&#x627;&#x62C;&#x627;&#x62A; &#x627;&#x644;&#x62D;&#x642;&#x64A;&#x642;&#x64A;&#x629; &#x644;&#x639;&#x644;&#x627;&#x642;&#x627;&#x62A;&#x643; : &#x627;&#x62E;&#x62A;&#x628;&#x631; &#x646;&#x641;&#x633;&#x643; &#x628;&#x627;&#x644;&#x62F;&#x627;&#x62E;&#x644;</subfield>
  </datafield>
  <datafield tag="250" ind1=" " ind2=" ">
    <subfield code="a">&#x637;. 1.</subfield>
  </datafield>
  <datafield tag="260" ind1=" " ind2=" ">
    <subfield code="a">&#x627;&#x644;&#x631;&#x64A;&#x627;&#x636; :</subfield>
    <subfield code="b"> &#x645;&#x643;&#x62A;&#x628;&#x629; &#x62C;&#x631;&#x64A;&#x631;&#x60C;</subfield>
    <subfield code="c">2011.</subfield>
  </datafield>
  <datafield tag="300" ind1=" " ind2=" ">
    <subfield code="a">234 &#x635;. &#x61B;</subfield>
    <subfield code="c"> 24 &#x633;&#x645;.</subfield>
  </datafield>
  <datafield tag="500" ind1=" " ind2=" ">
    <subfield code="a">&#x645;&#x624;&#x644;&#x641;&#x629; &#x627;&#x644;&#x643;&#x62A;&#x627;&#x628; &#x627;&#x644;&#x623;&#x643;&#x62B;&#x631; &#x645;&#x628;&#x64A;&#x639;&#x627;&#x64B; Coach Yourself to Success</subfield>
  </datafield>
  <datafield tag="650" ind1="1" ind2="4">
    <subfield code="a">&#x627;&#x644;&#x639;&#x644;&#x627;&#x642;&#x627;&#x62A; &#x627;&#x644;&#x634;&#x62E;&#x635;&#x64A;&#x629;.</subfield>
    <subfield code="9">33079</subfield>
  </datafield>
  <datafield tag="650" ind1="1" ind2="4">
    <subfield code="a">&#x627;&#x644;&#x639;&#x644;&#x627;&#x642;&#x627;&#x62A; &#x627;&#x644;&#x625;&#x646;&#x633;&#x627;&#x646;&#x64A;&#x629;.</subfield>
    <subfield code="9">23866</subfield>
  </datafield>
  <datafield tag="650" ind1="1" ind2="4">
    <subfield code="a">&#x627;&#x644;&#x627;&#x62A;&#x635;&#x627;&#x644;.</subfield>
    <subfield code="9">33080</subfield>
  </datafield>
  <datafield tag="650" ind1="1" ind2="4">
    <subfield code="a">&#x627;&#x644;&#x634;&#x62E;&#x635;&#x64A;&#x629;.</subfield>
    <subfield code="9">33081</subfield>
  </datafield>
  <datafield tag="653" ind1=" " ind2=" ">
    <subfield code="b">Ara</subfield>
    <subfield code="c">April2013</subfield>
  </datafield>
  <datafield tag="942" ind1=" " ind2=" ">
    <subfield code="2">ddc</subfield>
    <subfield code="c">BB</subfield>
  </datafield>
  <datafield tag="999" ind1=" " ind2=" ">
    <subfield code="c">17432</subfield>
    <subfield code="d">17404</subfield>
  </datafield>
  <datafield tag="952" ind1=" " ind2=" ">
    <subfield code="0">0</subfield>
    <subfield code="1">0</subfield>
    <subfield code="2">ddc</subfield>
    <subfield code="4">0</subfield>
    <subfield code="7">0</subfield>
    <subfield code="8">sorazbk</subfield>
    <subfield code="a">MAIN</subfield>
    <subfield code="b">MAIN</subfield>
    <subfield code="c">LOW</subfield>
    <subfield code="d">2013-04-09</subfield>
    <subfield code="e">purchase</subfield>
    <subfield code="g">15.00</subfield>
    <subfield code="o">158.2  &#x645; &#x64A; &#x62F;</subfield>
    <subfield code="p">000028677</subfield>
    <subfield code="r">2025-07-15 00:00:00</subfield>
    <subfield code="s">2024-10-07</subfield>
    <subfield code="v">19.00</subfield>
    <subfield code="y">BB</subfield>
  </datafield>
</record>
